Osiedla we Włocławku - Statystyki

Ogólne statystyki
  • Ten quiz został rozwiązany 77 razy
  • Średni wynik to 6 z 10
Statystyki odpowiedzi
Osiedla we Włocławku % Poprawnych
Południe
95%
Zazamcze
94%
Śródmieście
90%
Zawiśle
83%
Michelin
81%
Rybnica
48%
Wschód przemysłowy
29%
Wschód mieszkaniowy
25%
Zachód przemysłowy
22%
Wschód leśny
13%
Nie znaleziono quizów pasujących do podanych kryteriów
Rozkład punktacji
Procent ludzi z każdym wynikiem
Percentyl według liczby udzielonych odpowiedzi
Twoja historia wyników
Nie rozwiązałeś tego quizu